000 01038cam a2200289 a 4500
001 2544262
003 OSt
005 20220407090942.0
008 941223s1995 ctua b 001 0 eng
010 _a 94048861
020 _a1561343323 (recycled paper)
040 _aDLC
_cHU
_dDLC
043 _an-us---
050 0 0 _aLA209
_b.S59 1995
082 0 0 _a370/.973
_220
245 0 0 _aSources.
_pNotable selections in education /
_cedited by Fred Schultz.
250 _a1st ed.
260 _aGuilford, Conn. :
_bDushkin Pub. Group,
_cc1995.
300 _axiii, 398 p. :
_bill. ;
_c24 cm.
504 _aIncludes bibliographical references and index.
650 0 _aEducation
_zUnited States
_xPhilosophy
_xHistory.
_922778
650 0 _aEducation
_xAims and objectives
_zUnited States
_xHistory.
_922779
700 1 _aSchultz, Frederick Marshall.
_922780
906 _a7
_bcbc
_corignew
_d1
_eocip
_f19
_gy-gencatlg
942 _2ddc
_cBOOKS
_n0
999 _c34539
_d34539